000 00278nam a22001337a 4500
008 180918b xxu||||| |||| 00| 0 eng d
020 _a9780812040784
041 _aeng
080 _a510
100 _a36
101 _aMAT
245 _aCalculus
_cDowning, D
942 _2udc
_cBK
999 _c47894
_d47894